000 00559nam a22001937a 4500
003 OSt
005 20210421080002.0
008 210225s1953 ||||| |||| 00| 0 eng d
040 _aeng
_beng
_cDLC
041 _aeng
080 _a821.111
_bS-86
100 _9253
_aStout, Rex
245 _aOut Goes She
_b: A Nero Wolfe Mystery
_c/ by: Collins Fontana Books
260 _aLondon
_bCollins Fontana Books
_c1953
300 _a192 p.
650 0 _9247
_aEnglish literature
653 _aინგლისური ლიტერატურა
942 _2udc
_cBK
999 _c1713
_d1713